Premier tour des éléctions présidentielles - 1965 - Statistiques

Statistiques générales
  • Ce quiz a été pris 20 fois
  • Le résultat moyen est 4 sur 6
Statistiques - réponses
Pourcentage Candidat % Correct
44,65 % Charles de Gaulle
100%
31,72 % François Mitterrand
88%
5,20 % Jean-Louis Tixier-Vignancour
56%
15,57 % Jean Lecanuet
50%
1,15 % Marcel Barbu
44%
1,71 % Pierre Marcilhacy
25%
Aucun quiz correspondant
Distribution des résultats
% des personnes avec chaque résultat
Percentile par nombre de réponses
Votre historique - résultats
Vous n’avez pas pris ce quiz